000 00626nam a2200193 i 4500
001 111517
003 ES-MaACL
005 20230906185320.0
007 t|
008 061121s1951 dr f |||| |bspa d
100 1 _aNanita, Abelardo R.
_984898
245 1 0 _aTrujillo /
_cAbelardo R. Nanita.
250 _a5ª ed. correg. y aum.
260 _aCiudad Trujillo ( República Dominicana) :
_b[s.n.],
_c1951 (
_fImp. Dominicana)
300 _a369 p. 10 lám. ;
_c22 cm.
600 1 4 _aTrujillo Molina, Rafael Leónidas.
_9111579
651 4 _aRepública Dominicana-
_xHistoria-
_y1930-1961.
_9155367
852 _aES-MaACL
_jD-7391
999 _c111517
_d111517